000 01401cam a22003494i 4500
003 PE-LiUPU
005 20250731183417.0
008 150625s r 000 0 d
035 _a(Sirsi) a34672
040 _aPE-LiUPU
_bspa
_cPE-LiUPU
_erda
082 0 4 _a715.2
_bS98
_221
100 1 _aSwinton, Anne,
_eautor.
245 1 0 _aManual de bonsai /
_cAnne Swinton.
264 1 _aBarcelona :
_bOmega,
_c1987.
300 _a270páginas :
_bilustraciones, lams. color ;
_c25cn.
336 _atext
_2rdacontent
337 _aunmediated
_2rdamedia
338 _avolume
_2rdacarrier
505 0 _aAntecedentes históricos. - Haciendo una colección. - Plantas que se convierten en un buen bonsái. - Guía mensual de cultivo. - Bonsai de interior. - Tratamiento. - Técnicas especiales. - Presentación. - Plagas y enfermedades. - Glosario de plantas.
526 _aP158
526 _aP146
526 _aP17
526 _aP12
526 _aP06
650 0 4 _aBonsai.
910 _a
942 _2ddc
_cBOOK
949 _a715.2 S98
_wDEWEY
_c1
_i33592
_lCCODEBUL1
_mBUL
_p00.00
_r0
_sY
_tBOOK
_u2015-06-25
_xBIBLIOTECA
_zUNKNOWN
_0COMPRA
_o.STAFF. Colección General
596 _a1
999 _a715.2 S98
_wDEWEY
_c42554
_i33592
_d42554
_f2021-11-9
_g7
_lCCODEBUL1
_mBUL
_q1
_r0
_sY
_tBOOK
_u2015-6-25
_xINGENIERIA
_zUNKNOWN
_0COMPRA
_o.STAFF. Colección General
980 _81
_gALBERTO SANCHEZ Responsable de Automatización